000 01165nam a22003257a 4500
001 BR7310188
003 BR-BrBNA
005 20230928084153.0
007 ta
008 230509b bl.||||| |||| 00| 0 por d
040 _aBR-BrBNA
_bpor
_cBiblioteca Nacional de Agricultura
041 _a(Por)
072 _aE30; E50; D10
_b/G514
090 _ E30 BR7310188
110 1 _aServico Federal de Habitacao e Urbanismo, Rio de Janeiro, GB (Brasil)
_99342
245 1 _aRelatorio preliminar de desenvolvimento integrado. Municipio de Codo, Maranhao [Desenvolvimento social; Administracao publica; Desenvolvimento economico; Brasil]
260 3 _aRio de Janeiro, GB (Brasil):
_c1973.
300 _a222 p.
500 _a48 ref.; Map, in portfolio, scale 1:10.000.000, 4 Maps, in portfolio, scale 1:200.000, 5 Maps, in portfolio, scale 1:4000
650 _aPolitica de desenvolvimento
650 _aSociologia rural
650 _aAdministracao publica
650 _aDesenvolvimento social
650 _aUrbanizacao
650 _aDesenvolvimento economico
650 _aCodo
650 _aMaranhao
909 _a202309
_bLucia
_c55
_dLucia Elande
942 _cBK
999 _c17265
_d17265